Vaig net, estic content : pot retallable pot retallable
Descripción Física:
1 làmina : il. col. ; 30 x 43 cm
Idioma:
Catalán
MARC
| LEADER | 00000nrm a22000007a 4500 | ||
|---|---|---|---|
| 001 | 25357 | ||
| 003 | Arxiu | ||
| 005 | 20260324181103.0 | ||
| 008 | 220429b spa||||| |||| 00| 0 cat d | ||
| 017 | |a DL B 17511-2020 | ||
| 080 | |a NBM-13-60 | ||
| 110 | |9 52202 |a Barcelona (Catalunya : Província). |b Servei de Salut Pública | ||
| 245 | |a Vaig net, estic content : |b pot retallable | ||
| 260 | |a Barcelona : |b Diputació de Barcelona, |c 2020 | ||
| 300 | |a 1 làmina : |b il. col. ; |c 30 x 43 cm | ||
| 650 | 0 | |9 46192 |a Retallables (Art) | |
| 650 | 0 | |9 52736 |a Infants |x Salut i higiene | |
| 710 | 1 | |a Barcelona (Catalunya : Província). |b Gabinet de Premsa i Comunicació |9 51838 | |
| 942 | |2 udc |n 1 |c ARXIU | ||
| 952 | |0 0 |1 0 |4 0 |6 NBM1360 |7 1 |9 61432 |a Arxiu |b Arxiu |d 2022-04-29 |l 0 |o NBM-13-60 |p 25357 |r 2022-04-29 00:00:00 |w 2022-04-29 |y ARXIU | ||
| 999 | |c 81385 |d 81385 | ||